000 00582nam a2200229Ia 4500
003 OSt
005 20220924132718.0
006 a|||||r|||| 00| 0
007 ta
008 220923b |||||||| |||| 00| 0 hin d
024 _a86277
037 _cTextual
040 _aARTS
_cARTS
_bhin
041 _2hin
_ahin
082 _aT:3:P15, 152K7 (P15)
100 _aPandey Ramshakal
_9204781
245 0 _aSanskrit shikshan
260 _c1967
650 _aEDUCATION
942 _hT:3:P15, 152K7 (P15)
_cTEXL
_2CC
999 _c431242
_d431242